• 首页
  • 本馆介绍
  • 公告通知
  • 最新文献
  • 馆藏检索
  • 电子资源
  • 读者导购
  • 参考咨询
  • 我的图书馆
  • 登录
  • 详细信息显示
  • 放入我的书架
  • 预约/预借图书
  • 作者相关作品
  • 分类相关作品
  • 丛书相关作品
  • 出版社相关作品

书目信息

  • 表格格式
  • 工作单格式
  • 卡片格式
题名:
“一带一路”热点问答
    
 
作者: ;当代世界研究中心 编
分册:  
出版信息: 北京   学习出版社  2015
页数: 208页
开本: 24cm
丛书名:
单 册:
中图分类: F125.5
科图分类:
主题词: 区域经济合作--国际合作--研究--中国
电子资源:
ISBN: 978-7-5147-0566-9
000 00965nam0 2200229 450
001 012001004172
005 20140928162349.0
010    @a978-7-5147-0566-9@dCNY32.00
100    @a20160114d2015 em y0chiy50 ea
101 0  @achi
102    @aCN@b110000
105    @ay z 000yy
106    @ar
200 1  @a“一带一路”热点问答@9“ yi dai yi lu ” re dian wen da@b专著@f当代世界研究中心编
210    @a北京@c学习出版社@d2015
215    @a208页@d24cm
330    @a本书共对30个问题作了深入浅出、通俗易懂的阐释,有针对性地解读了“一带一路”相关政策出台的时代背景、共建原则、框架思路、合作重点、合作机制和未来愿景,深入阐明“一带一路”建设面临的风险挑战,给沿线国家和我国相关省区市带来的机遇和实惠,有助于读者全面准确理解把握“一带一路”合作倡议。
606 0  @a区域经济合作@x国际合作@x研究@y中国
690    @aF125.5@v5
711 02 @a当代世界研究中心@9dang dai shi jie yan jiu zhong xin@4编
801  0 @aCN@b上海新华@c20180901
905    @b1170290-4@dF125.5@e351@f5
    
    “一带一路”热点问答/当代世界研究中心编.-北京:学习出版社,2015
    208页;24cm
    
    
    ISBN 978-7-5147-0566-9:CNY32.00
    本书共对30个问题作了深入浅出、通俗易懂的阐释,有针对性地解读了“一带一路”相关政策出台的时代背景、共建原则、框架思路、合作重点、合作机制和未来愿景,深入阐明“一带一路”建设面临的风险挑战,给沿线国家和我国相关省区市带来的机遇和实惠,有助于读者全面准确理解把握“一带一路”合作倡议。
●
相关链接 在E读中查询图书 在五车中查询图书 在当当中查询图书 在豆瓣中查询图书


正题名:"一带一路"热点问答     索取号:F125.5/351         预约/预借

序号 登录号 条形码 馆藏地/架位号 状态 备注
1 1170290   211702905   第一样本阅览室/ [索取号:F125.5/351] 在馆    
2 1170291   211702914   密集书库-海洋学院/ [索取号:F125.5/351] 在馆    
3 1170292   211702923   第一借阅区/ [索取号:F125.5/351] 在馆    
4 1170293   211702932   第一借阅区/ [索取号:F125.5/351] 在馆    
5 1170294   211702941   第一借阅区/ [索取号:F125.5/351] 在馆    
唐山师范学院图书馆 欢迎您!
大连网信软件有限公司© 版权所有